[Event "First Saturday 2010 november FM-A"]
[Site "Budapest"]
[Date "2010.11.14"]
[Round "9"]
[White "Farkas, Richard"]
[Black "Heyl, Thomas"]
[Result "1/2-1/2"]
[WhiteElo "2005"]
[BlackElo "2042"]
[PlyCount "22"]
[EventDate "2010.11.06"]

1. e4 c5 2. c4 e6 3. Nc3 a6 4. g3 Qc7 5. Bg2 Nf6 6. d3 Be7 7. Nge2 d6 8. O-O
O-O 9. Rb1 Nc6 10. f4 Rb8 11. h3 b5 1/2-1/2

[Event "First Saturday 2010 november FM-A"]
[Site "Budapest"]
[Date "2010.11.14"]
[Round "9"]
[White "Zala, Gyula"]
[Black "Flaata, Alexander R"]
[Result "0-1"]
[WhiteElo "1988"]
[BlackElo "2078"]
[PlyCount "61"]
[EventDate "2010.11.06"]

1. e4 e5 2. d4 exd4 3. Bd3 d5 4. e5 Nc6 5. f4 Nh6 6. Nf3 Bb4+ 7. Nbd2 Ng4 8.
Qe2 Ne3 9. Nxd4 Nxd4 10. Qxe3 Bc5 11. Qg3 O-O 12. Nb3 Nxb3 13. axb3 Re8 14. Bd2
c6 15. O-O-O a5 16. f5 Kh8 17. Qf4 Bd7 18. Rhf1 Bf8 19. Rf3 a4 20. bxa4 b5 21.
a5 b4 22. Bxb4 Bxb4 23. Qxb4 Rxa5 24. f6 g6 25. Qf4 Ra1+ 26. Kd2 Qa5+ 27. b4
Rxd1+ 28. Kxd1 Qa1+ 29. Kd2 Rxe5 30. Re3 Rxe3 31. Kxe3 {after 18 move} 0-1

[Event "First Saturday 2010 november FM-A"]
[Site "Budapest"]
[Date "2010.11.14"]
[Round "9"]
[White "Tran, Minh Thang"]
[Black "Krizsany, Laszlo Sr"]
[Result "1/2-1/2"]
[WhiteElo "2068"]
[BlackElo "1961"]
[PlyCount "89"]
[EventDate "2010.11.06"]

1. d4 Nf6 2. Bf4 e6 3. e3 d5 4. Nd2 Bd6 5. Bxd6 Qxd6 6. f4 c5 7. c3 Nc6 8. Bd3
cxd4 9. cxd4 g6 10. Ngf3 Nd7 11. O-O f5 12. Ne5 Nf6 13. Rc1 Ne4 14. Bb5 Bd7 15.
Nxe4 fxe4 16. Qa4 Rc8 17. Rc5 a6 18. Bxc6 Bxc6 19. Nxc6 Rxc6 20. Rfc1 Kd7 21.
Rxc6 bxc6 22. Qxa6 Rc8 23. Rc5 Qb8 24. Qa3 g5 25. fxg5 Rc7 26. Ra5 Qb6 27. Ra8
c5 28. Qa4+ Qc6 29. Qxc6+ Kxc6 30. Ra6+ Kb5 31. Rxe6 cxd4 32. exd4 Kc4 33. h4
Kxd4 34. h5 Kd3 35. g6 e3 36. g4 hxg6 37. hxg6 Rc4 38. Kg2 Rxg4+ 39. Kf3 Re4
40. g7 e2 41. g8=Q e1=Q 42. Qg6 Qe3+ 43. Kg2 Qd2+ 44. Kg3 Qf4+ 45. Kg2 1/2-1/2

[Event "First Saturday 2010 november FM-A"]
[Site "Budapest"]
[Date "2010.11.15"]
[Round "10"]
[White "Koczo, Kristof"]
[Black "Henrichsen, Jens"]
[Result "1-0"]
[WhiteElo "2187"]
[BlackElo "1949"]
[PlyCount "47"]
[EventDate "2010.11.06"]

1. d4 Nf6 2. c4 e6 3. Nc3 Bb4 4. Bd2 Bxc3 5. Bxc3 Ne4 6. Qc2 d5 7. e3 Nd7 8.
Bd3 Ndf6 9. Nf3 Nxc3 10. Qxc3 c6 11. c5 O-O 12. Ne5 Nd7 13. f4 Nxe5 14. fxe5
Qg5 15. Qd2 Bd7 16. O-O f6 17. exf6 Rxf6 18. Rxf6 Qxf6 19. Rf1 Qe7 20. Qf2 b6
21. b4 bxc5 22. bxc5 a5 23. Qf4 Rf8 24. Bxh7+ 1-0

[Event "First Saturday 2010 november FM-A"]
[Site "Budapest"]
[Date "2010.11.15"]
[Round "10"]
[White "Heyl, Thomas"]
[Black "Zala, Gyula"]
[Result "1-0"]
[WhiteElo "2042"]
[BlackElo "1988"]
[PlyCount "113"]
[EventDate "2010.11.06"]

1. d4 c5 2. e3 e6 3. Nf3 d5 4. Bd3 Ne7 5. O-O Nec6 6. b3 Nd7 7. Bb2 Be7 8. c4
Bf6 9. cxd5 exd5 10. Nc3 Ne7 11. e4 cxd4 12. Nxd5 Nxd5 13. exd5 O-O 14. Bxd4
Nb6 15. Bxf6 Qxf6 16. Qc2 Bg4 17. Bxh7+ Kh8 18. Be4 Rac8 19. Qd2 Rfe8 20. Rae1
Rc3 21. Qg5 Qxg5 22. Nxg5 f6 23. Bg6 Rxe1 24. Rxe1 Bd7 25. Nf7+ Kg8 26. d6 Nd5
27. h4 Nf4 28. h5 Rc1 29. Rxc1 Ne2+ 30. Kf1 Nxc1 31. Nd8 b6 32. a4 Kf8 33. Bf7
Nd3 34. Be6 Ke8 35. Bxd7+ Kxd7 36. Nf7 Nc5 37. g4 Ke6 38. Nd8+ Kxd6 39. f4 Kd7
40. Nf7 Ke7 41. Nh8 Nxb3 42. Ng6+ Kf7 43. Nh4 Nc5 44. a5 b5 45. Nf5 Nb7 46. a6
Nc5 47. Nd6+ Ke6 48. Nxb5 Nxa6 49. Nxa7 Kd5 50. Kf2 Ke4 51. Kg3 Nc5 52. Nc8 Ne6
53. Nd6+ Kd5 54. Ne8 Ke4 55. f5 Nf4 56. Nxg7 Ne2+ 57. Kh4 1-0

[Event "First Saturday 2010 november FM-A"]
[Site "Budapest"]
[Date "2010.11.15"]
[Round "10"]
[White "Tessedik, Karoly"]
[Black "Farkas, Richard"]
[Result "1/2-1/2"]
[WhiteElo "1993"]
[BlackElo "2005"]
[PlyCount "96"]
[EventDate "2010.11.06"]

1. d4 d5 2. Nf3 c5 3. e3 Nf6 4. b3 Bf5 5. Bd3 Bxd3 6. Qxd3 e6 7. O-O Bd6 8.
dxc5 Be7 9. b4 O-O 10. Bb2 a5 11. a3 b6 12. cxb6 axb4 13. b7 Ra4 14. Nbd2 bxa3
15. Bxa3 Bxa3 16. Rxa3 Rxa3 17. Qxa3 Qc7 18. Qb3 Nbd7 19. Rb1 Rb8 20. h3 Nc5
21. Qc3 Nfd7 22. e4 Rxb7 23. exd5 Rxb1+ 24. Nxb1 Qb7 25. Nbd2 Qxd5 26. Qd4 Qxd4
27. Nxd4 e5 28. N4b3 Kf8 29. Kf1 Ke7 30. Ke2 Kd6 31. Nxc5 Nxc5 32. Ke3 f5 33.
g4 f4+ 34. Ke2 e4 35. Nb1 Ke5 36. Nc3 Kd4 37. Nb5+ Kc4 38. Nc7 Kd4 39. h4 Ke5
40. Kd2 Nd7 41. Ne8 g6 42. g5 Ke6 43. Kc3 Ke5 44. Kd2 Kf5 45. Ke2 Ke6 46. c4
Ne5 47. Nf6 f3+ 48. Kf1 Nc6 1/2-1/2

[Event "First Saturday 2010 november FM-A"]
[Site "Budapest"]
[Date "2010.11.16"]
[Round "11"]
[White "Farkas, Richard"]
[Black "Koczo, Kristof"]
[Result "0-1"]
[WhiteElo "2005"]
[BlackElo "2187"]
[PlyCount "58"]
[EventDate "2010.11.06"]

1. e4 c6 2. Nf3 d5 3. Nc3 Bg4 4. h3 Bh5 5. exd5 cxd5 6. Bb5+ Nc6 7. g4 Bg6 8.
Ne5 Rc8 9. h4 f6 10. Nxg6 hxg6 11. d4 e6 12. Qd3 Kf7 13. f4 f5 14. h5 Nge7 15.
hxg6+ Nxg6 16. Rxh8 Nxh8 17. g5 Ng6 18. Be3 Bd6 19. Qd2 Qc7 20. Ne2 Qb6 21. c4
Bb4 22. Nc3 Qa5 23. a3 Nce7 24. Qc1 Bxc3+ 25. Qxc3 Qxc3+ 26. bxc3 a6 27. Bd7
Rxc4 28. Kd2 Nf8 29. Rb1 Nxd7 0-1

[Event "First Saturday 2010 november FM-A"]
[Site "Budapest"]
[Date "2010.11.16"]
[Round "11"]
[White "Zala, Gyula"]
[Black "Tessedik, Karoly"]
[Result "1/2-1/2"]
[WhiteElo "1988"]
[BlackElo "1993"]
[PlyCount "84"]
[EventDate "2010.11.06"]

1. a3 g6 2. h4 Bg7 3. h5 b6 4. d3 Bb7 5. e4 d5 6. exd5 Qxd5 7. Nf3 Nc6 8. Be2
O-O-O 9. Nc3 Qd7 10. Be3 Kb8 11. a4 e5 12. a5 f5 13. axb6 cxb6 14. Rh4 f4 15.
Bd2 Bf6 16. Rh1 g5 17. Ne4 h6 18. Nxf6 Nxf6 19. Bc3 Rhe8 20. Nd2 Nd5 21. Bf3
Nd4 22. Be4 Qe7 23. Bxd4 exd4 24. Kf1 Ne3+ 25. fxe3 dxe3 26. Qf3 exd2 27. Bxb7
Qxb7 28. Qxb7+ Kxb7 29. Rd1 Rd5 30. Rxd2 Ra5 31. Kf2 Rae5 32. Kf3 Re3+ 33. Kg4
R8e5 34. Rh3 Re2 35. d4 Rxd2 36. dxe5 Rxg2+ 37. Kf5 g4 38. Rh1 f3 39. e6 Kc8
40. Rd1 g3 41. Kf4 Re2 42. Kxf3 Rxe6 1/2-1/2

[Event "First Saturday 2010 november FM-A"]
[Site "Budapest"]
[Date "2010.11.16"]
[Round "11"]
[White "Schenkerik, Csaba"]
[Black "Heyl, Thomas"]
[Result "1-0"]
[WhiteElo "2127"]
[BlackElo "2042"]
[PlyCount "59"]
[EventDate "2010.11.06"]

1. e4 c5 2. Nf3 e6 3. d4 cxd4 4. Nxd4 a6 5. c4 Nf6 6. Nc3 Bb4 7. Bd2 Qc7 8. Qe2
d6 9. O-O-O Nc6 10. Nc2 Bxc3 11. Bxc3 b5 12. Kb1 e5 13. cxb5 axb5 14. Nb4 O-O
15. f3 Be6 16. a3 Bb3 17. Rc1 Bc4 18. Qf2 Na5 19. Bxc4 bxc4 20. Rhd1 Nb3 21.
Rc2 Rfb8 22. g4 Nc5 23. g5 Nh5 24. Nd5 Qa7 25. Bb4 Qa4 26. Bxc5 dxc5 27. Qxc5
Qxa3 28. Ne7+ Kh8 29. Rd8+ Rxd8 30. bxa3 1-0

[Event "First Saturday 2010 november FM-A"]
[Site "Budapest"]
[Date "2010.11.16"]
[Round "11"]
[White "Henrichsen, Jens"]
[Black "Krizsany, Laszlo Sr"]
[Result "1/2-1/2"]
[WhiteElo "1949"]
[BlackElo "1961"]
[PlyCount "52"]
[EventDate "2010.11.06"]

1. d4 Nf6 2. Nf3 e6 3. c4 b6 4. g3 Ba6 5. b3 Bb4+ 6. Bd2 Be7 7. Bg2 c6 8. O-O
d5 9. Bc3 O-O 10. Nbd2 Nbd7 11. Re1 Rc8 12. e4 dxe4 13. Nxe4 Nxe4 14. Rxe4 Nf6
15. Re1 Qc7 16. Ne5 Bb7 17. Qe2 Rfe8 18. Rad1 Nd7 19. Rd3 Bf6 20. Ng4 Rcd8 21.
Red1 Be7 22. Qb2 h5 23. Ne3 Bf6 24. Qe2 g6 25. Qf3 Bg7 26. g4 hxg4 1/2-1/2